000 01085cam a2200313 a 4500
001 000005703
003 OSt
005 20200929151743.0
008 740301s1973 xxu a 001 0 eng
040 _aDO-SdBNP
_bspa
_cBNPHU
041 1 7 _aeng
_hspa
082 _a972.95
_bR485h
100 1 _aRibes Tovar, Federico.
_916105
240 1 0 _aHistoria cronológica de Puerto Rico.
_lInglés
245 1 0 _aA chronological history of Puerto Rico /
_cFederico Ribes Tovar ; traducción, Anthony Rawlings y Peter Bloch.
260 _aNew York :
_bPlus Ultra Educational,
_c1973.
300 _a589 p. :
_bil. ;
_c18 cm.
490 1 _aPlus Ultra ;
_v6 ;
500 _aIncluye idice
500 _aTraducción de la Historia cronológica de Puerto Rico
534 _aTítulo original:
_tHistoria cronológica de Puerto Rico.
590 _aInventariado, 2020/ YL
651 4 _aPuerto Rico
_xHistoria
_xCronologìa
_916106
700 1 2 _aRawlings, Anthony,
_etr.
_916107
700 1 2 _aBloch, Peter,
_etr.
_916108
830 0 _aPlus Ultra ;
_n6.
_916109
910 _aEn proceso
942 _2ddc
_cLF1
999 _c5499
_d5499